| 000 | 00445nam a2200145 4500 | ||
|---|---|---|---|
| 008 | 151009b xxu||||| |||| 00| 0 eng d | ||
| 020 | _a9780505521828 | ||
| 050 | _aSPE PS 3558.I444 2006 | ||
| 100 |
_aHill, Sandra. _d2006. |
||
| 245 |
_aDesperado/ _cSandra Hill. |
||
| 260 |
_aNew York: _bDorchester publishing, _c2006. |
||
| 300 | _a391 p. | ||
| 650 | _aEnglish Fiction. | ||
| 942 |
_2lcc _cSH_L_BOOKS _hSPE PS 3558.I444 2006 _03 |
||
| 999 |
_c8114 _d8114 |
||